| 000 | 00585nam a2200241Ia 4500 | ||
|---|---|---|---|
| 008 | 210210b1929 xxu||||| |||| 00| 0 eng d | ||
| 041 | _aeng | ||
| 082 | _a940/158 | ||
| 100 | _aMARVIN (F.S.) | ||
| 245 | _aModern world: Europe from the French revolution to the league of nations | ||
| 260 |
_aLondon _bLongman Green & Co. _c1929 |
||
| 300 | _a320 | ||
| 650 | _aworld: | ||
| 650 | _arevolution | ||
| 650 | _anations | ||
| 650 | _aModern | ||
| 650 | _aleague | ||
| 650 | _afrom | ||
| 650 | _aFrench | ||
| 650 | _aEurope | ||
| 690 | _aEuropean History | ||
| 906 | _a025227 | ||
| 999 |
_c151077 _d151077 |
||